| 000 | 01146pam a2200385 a 4500 | ||
|---|---|---|---|
| 001 | 4347 | ||
| 003 | FISKH | ||
| 005 | 20250115144645.0 | ||
| 008 | 930211s1994 nyua j 000 0 eng | ||
| 010 | _a 93003135 | ||
| 020 | _a0060230444 | ||
| 020 | _a9780545273374 | ||
| 020 | _a0060231173 (lib. bdg.) | ||
| 040 |
_aDLC _cDLC _dDLC _beng |
||
| 050 | _aQL668.E2 | ||
| 082 | _a597.8 | ||
| 100 | _aZoehfeld, Kathleen Weidner | ||
| 245 | 1 | 0 |
_aFrom tadpole to frog / _cby Kathleen Weidner Zoehfeld |
| 260 |
_aNew York ; _bScholastic, _c2011. |
||
| 300 |
_a32 pages : _bcolor illustrations ; _c23 cm |
||
| 490 | _aLevel 1 Readers | ||
| 505 | _aK | ||
| 520 | _aDescribes the metamorphosis from tadpole to frog. | ||
| 521 | 8 |
_a520
_bLexile AD |
|
| 521 | 8 |
_aK
_bRaz-Plus |
|
| 650 | 0 |
_aFrogs _xDevelopment _xJuvenile literature. |
|
| 650 | 0 |
_aTadpoles _xJuvenile literature. |
|
| 650 | 0 |
_aAmphibians _xMetamorphosis _xJuvenile literature. |
|
| 650 | 1 | _aFrogs. | |
| 650 | 1 | _aTadpoles. | |
| 650 | 1 |
_aAnimals _xInfancy. |
|
| 906 |
_a7 _bcbc _corignew _d1 _eocip _f19 _gy-gencatlg |
||
| 942 |
_2ddc _cBK _n0 |
||
| 999 |
_c4347 _d4347 |
||